Quantitative aptitude for competitive examinations / (Record no. 139395)

MARC details
000 -LEADER
fixed length control field 00618nam a22002057a 4500
005 - DATE AND TIME OF LATEST TRANSACTION
control field 20170518143800.0
010 ## - LCCN (DPL NO)
LC control number B-226781 ENG-118230
020 ## - INTERNATIONAL STANDARD BOOK NUMBER
International Standard Book Number 9788121924986
Terms of availability 380.00
020 ## - INTERNATIONAL STANDARD BOOK NUMBER
International Standard Book Number 9788121924986
Terms of availability 595.00
020 ## - INTERNATIONAL STANDARD BOOK NUMBER
International Standard Book Number 8121924987
Terms of availability 380.00
035 ## - SYSTEM CONTROL NUMBER
System control number B-226781 EN-101762
037 ## - SOURCE OF ACQUISITION
Source of stock number/acquisition DBAD/PUB
082 ## - DEWEY DECIMAL CLASSIFICATION NUMBER
Classification number 513
100 ## - MAIN ENTRY--PERSONAL NAME
Personal name Aggarwal,R.S.
245 ## - TITLE STATEMENT
Title Quantitative aptitude for competitive examinations /
Statement of responsibility, etc by R.S. Aggarwal
260 ## - PUBLICATION, DISTRIBUTION, ETC. (IMPRINT)
Place of publication, distribution, etc New Delhi
Name of publisher, distributor, etc S.Chand
Date of publication, distribution, etc 2008(repr.)
270 ## - ADDRESS
Address 7361,Ram Nagar
City New Delhi
Postal code 110055
300 ## - PHYSICAL DESCRIPTION
Extent 726p.
Dimensions 24cm(pbk)
942 ## - ADDED ENTRY ELEMENTS (KOHA)
Source of classification or shelving scheme Dewey Decimal Classification
Item type English Books
Classification part 513
Call number suffix AGG
Holdings
Withdrawn status Lost status Not for loan Collection code Home library Current library Date acquired Cost, normal purchase price Full call number Barcode Copy number Cost, replacement price Koha item type Source of acquisition
      Non-fiction Central Library Central Library 01/05/2017 380.00 513 AGG B-226781 1 380.00 English Books  
    Not For Loan Non-fiction D.B.Act.Division D.B.Act.Division 18/05/2017 595.00 513 AGG EN-101762 1 595.00 English Books DBAD/PUB

© Delhi Public Library
Hit Counter
free hit counter